[Event "Imperia op-A 48th"]
[Site "Imperia"]
[Date "2006.09.08"]
[Round "7.16"]
[White "Mittermeier, Peter"]
[Black "Tomassoni, Leonardo"]
[Result "1/2-1/2"]
[WhiteElo "2058"]
[BlackElo "2005"]
[PlyCount "99"]
[EventDate "2006.09.03"]
[EventType "swiss"]
[EventRounds "9"]
[EventCountry "ITA"]
[SourceTitle "EXT 2024"]
[Source "ChessBase"]
[SourceDate "2023.10.10"]
[SourceVersion "1"]
[SourceVersionDate "2023.10.10"]
[SourceQuality "1"]

1. Nf3 Nf6 2. g3 g6 3. b4 Bg7 4. Bb2 d6 5. c4 0-0 6. Bg2 c6 7. 0-0 e5 8. d3 Bg4 9. Qb3 Na6 10. Nc3 Nd7 11. Ne4 d5 12. cxd5 cxd5 13. Qxd5 Nxb4 14. Qb5 Nc2 15. Rac1 a6 16. Qb3 Bxf3 17. Bxf3 Nd4 18. Bxd4 exd4 19. Qxb7 Ne5 20. Nd2 Qa5 21. Qb2 Rab8 22. Qc2 Bh6 23. Nb3 Nxf3+ 24. exf3 Qd5 25. Qc6 Qf5 26. f4 Qxd3 27. Rfd1 Qe2 28. Rd2 Qe7 29. Rxd4 Rbc8 30. Qxc8 Rxc8 31. Rxc8+ Kg7 32. Rdc4 Kf6 33. R8c6+ Kg7 34. Rxa6 Qe1+ 35. Kg2 Qe2 36. Raa4 Qe8 37. Nd4 Qe4+ 38. Nf3 Qb7 39. Rab4 Qa8 40. a4 Kg8 41. Re4 Bf8 42. Rbc4 Kg7 43. g4 Bd6 44. Red4 Bb8 45. Rb4 Bc7 46. Rd7 Qc6 47. Rdd4 Qe6 48. Kg3 h6 49. Rbc4 Bb8 50. Re4 1/2-1/2

[Event "AUT-chT3 9798"]
[Site "Vorarlberg "]
[Date "1997.11.21"]
[Round "4"]
[White "Mittermeier, Peter"]
[Black "Maux, Martin"]
[Result "1-0"]
[WhiteElo "2011"]
[BlackElo "2200"]
[PlyCount "65"]
[EventDate "1997.??.??"]
[EventType "tourn"]
[EventRounds "9"]
[EventCountry "AUT"]
[SourceTitle "EXT 1999"]
[Source "ChessBase"]
[SourceDate "1998.11.16"]
[SourceVersion "1"]
[SourceVersionDate "1998.11.16"]
[SourceQuality "1"]

1. Nf3 Nc6 2. g3 e5 3. d3 Nf6 4. Bg2 Be7 5. c4 d6 6. Nc3 0-0 7. 0-0 h6 8. a3 Be6 9. b4 e4 10. Nd2 exd3 11. exd3 Qc8 12. Re1 Re8 13. Bb2 Ne5 14. Qc2 c6 15. Nce4 Nxe4 16. dxe4 Bh3 17. f4 Bxg2 18. Kxg2 Ng6 19. h3 a5 20. Nf3 Qc7 21. Rad1 axb4 22. axb4 Ra2 23. Ra1 Rxa1 24. Rxa1 d5 25. Qc3 Bf6 26. e5 Be7 27. cxd5 Qb6 28. d6 Bf8 29. Qc5 Qd8 30. Ra7 Bxd6 31. Qxd6 Qxd6 32. exd6 Re2+ 33. Kf1 1-0

[Event "AUT-chT3 9798"]
[Site "Vorarlberg "]
[Date "1997.10.31"]
[Round "3"]
[White "Mittermeier, Peter"]
[Black "Walter, Gerhard"]
[Result "1/2-1/2"]
[WhiteElo "2011"]
[BlackElo "2185"]
[PlyCount "29"]
[EventDate "1997.??.??"]
[EventType "tourn"]
[EventRounds "9"]
[EventCountry "AUT"]
[SourceTitle "EXT 1999"]
[Source "ChessBase"]
[SourceDate "1998.11.16"]
[SourceVersion "1"]
[SourceVersionDate "1998.11.16"]
[SourceQuality "1"]

1. Nf3 Nf6 2. g3 d5 3. Bg2 Nbd7 4. 0-0 e5 5. c4 c6 6. cxd5 cxd5 7. Qa4 Bd6 8. d4 e4 9. Ne5 0-0 10. Nxd7 Bxd7 11. Qb3 Bc6 12. Nc3 h6 13. f3 exf3 14. Bxf3 Qb6 15. Qxb6 1/2-1/2